MARC

LEADER 00000nam0a2200000 4500
001 13800
005 20231030185203.0
010 |a 582060024X 
035 |a (RuTPU)RU\TPU\book\13883 
035 |a BOOK00013952 
090 |a 13800 
100 |a 20011209d2000 m y0rusy50 ca 
101 0 |a rus 
102 |a RU 
105 |a a j 000zy 
200 1 |a Использование MS Excel и VBA в экономике и финансах  |f А. Ю. Гарнаев 
210 |a СПб.  |c BHV-Санкт-Петербург  |d 2000 
215 |a 336 с.  |c ил. 
225 1 |a Изучаем вместе с BHV 
610 1 |a VBA 
610 1 |a вычислительная техника 
610 1 |a Visual Basic for Applications 
610 1 |a Excel 
610 1 |a примеры 
610 1 |a менеджмент 
610 1 |a учебные пособия 
610 1 |a экономика 
675 |a 681.3.066(076.5)  |v 3 
700 1 |a Гарнаев  |b А. Ю.  |g Андрей Юрьевич 
801 0 |a RU  |b 63413507  |c 20011209  |g PSBO 
801 2 |a RU  |b 63413507  |c 20080128  |g PSBO 
942 |c BK